[Event "VII Festival Magistrale"]
[Site "Montecatini Terme ITA"]
[Date "1998.08.04"]
[Round "4"]
[White "Petrovic, Silvije"]
[Black "Efimov, Igor"]
[Result "0-1"]
[WhiteElo "2170"]
[BlackElo "2530"]
[PlyCount "112"]
[EventDate "1998.08.01"]

1.e4 d6 2.d4 g6 3.Nc3 Bg7 4.h3 Nd7 5.Nf3 e5 6.Be2 Ne7 7.O-O O-O 8.Re1 a6 
9.a4 b6 10.dxe5 Nxe5 11.Nxe5 dxe5 12.Qxd8 Rxd8 13.Bg5 f6 14.Bc4+ Kf8 15.
Be3 Bb7 16.Rad1 f5 17.f3 f4 18.Bf2 g5 19.a5 b5 20.Bb3 Ke8 21.h4 h6 22.hxg5
hxg5 23.Kf1 Nc6 24.Nd5 Rd7 25.Ra1 Nd4 26.Bxd4 exd4 27.Ke2 Kf8 28.Rh1 Re8 
29.Kd2 c6 30.Nb6 Rd6 31.Rh5 Rg6 32.Rah1 Ke7 33.R1h2 Rd8 34.Ba2 Rdd6 35.Bb3
Rh6 36.Rxh6 Rxh6 37.Rxh6 Bxh6 38.c3 Bg7 39.Bg8 dxc3+ 40.bxc3 Kd6 41.Bh7 
Bf6 42.Bf5 Bd8 43.Bc8 Bxc8 44.Nxc8+ Kc5 45.Nb6 Bxb6 46.axb6 Kxb6 47.Kc2 
Kc5 48.Kb2 Kc4 49.Kb1 a5 50.Kb2 c5 51.Kb1 a4 52.Kb2 b4 53.cxb4 cxb4 54.Kb1
b3 55.Kb2 a3+ 56.Kxa3 Kc3 0-1

[Event "VII Festival Magistrale"]
[Site "Montecatini Terme ITA"]
[Date "1998.08.04"]
[Round "4"]
[White "Rotstein, Arkadij"]
[Black "Dorin, Mauricio"]
[Result "1/2-1/2"]
[WhiteElo "2515"]
[BlackElo "2360"]
[PlyCount "122"]
[EventDate "1998.08.01"]

1.Nf3 Nf6 2.c4 e6 3.g3 d5 4.Bg2 Be7 5.O-O c5 6.d4 cxd4 7.Nxd4 O-O 8.cxd5 
Nxd5 9.Nc3 Nxc3 10.bxc3 e5 11.Nc2 Qa5 12.Ne3 Na6 13.Nd5 Ba3 14.Bd2 Bd7 15.
c4 Qa4 16.Rb1 Qxd1 17.Rfxd1 Ba4 18.Re1 Rab8 19.Nc3 Bc6 20.Nb5 Bc5 21.Red1 
f6 22.Ba5 Bxg2 23.Kxg2 b6 24.Be1 Rb7 25.Rd5 Be7 26.Rbd1 Nb8 27.f4 Rc8 28.
fxe5 Rxc4 29.e6 Rc8 30.Nd6 Bxd6 31.Rxd6 Re8 32.Bb4 Rbe7 33.Kf3 Na6 34.Ba3 
Nc5 35.Bxc5 bxc5 36.Rc1 Rxe6 37.Rxe6 Rxe6 38.Rxc5 Ra6 39.Rc2 Ra4 40.Ke3 
Kf7 41.Kd3 Kg6 42.Kc3 h5 43.Kb3 Re4 44.a4 h4 45.gxh4 Rxh4 46.e3 Rh3 47.
Rg2+ Kf7 48.Re2 Rh4 49.Rc2 a5 50.Rc5 Rb4+ 51.Ka3 Re4 52.Rxa5 Rxe3+ 53.Kb4 
Rh3 54.Rc5 Rxh2 55.a5 Rb2+ 56.Kc4 g5 57.a6 Ra2 58.Kb5 g4 59.Kb6 Rb2+ 60.
Kc7 Ra2 61.Kb6 Rb2+ 1/2-1/2

[Event "VII Festival Magistrale"]
[Site "Montecatini Terme ITA"]
[Date "1998.08.04"]
[Round "4"]
[White "Rupp, Markus"]
[Black "De Gleria, Francesco"]
[Result "0-1"]
[WhiteElo "2235"]
[BlackElo "2370"]
[PlyCount "58"]
[EventDate "1998.08.01"]

1.d4 Nf6 2.c4 g6 3.Nc3 Bg7 4.e4 d6 5.f3 O-O 6.Be3 c5 7.dxc5 dxc5 8.Qxd8 
Rxd8 9.Bxc5 Nc6 10.Nge2 Nd7 11.Ba3 Nde5 12.Nf4 e6 13.Be2 Nd4 14.O-O-O Bh6 
15.g3 Nxe2+ 16.Nxe2 Bd7 17.Be7 Rdc8 18.b3 Be8 19.Nd4 Nxc4 20.bxc4 e5 21.
Bd6 exf4 22.gxf4 Rxc4+ 23.Kb1 Ba4 24.Rd2 Rd8 25.Be5 Rb4+ 26.Ka1 f6 27.Bxf6
Bxf4 28.Rd3 Rd6 29.Nc2 Bxc2 0-1

[Event "VII Festival Magistrale"]
[Site "Montecatini Terme ITA"]
[Date "1998.08.04"]
[Round "4"]
[White "Sax, Gyula"]
[Black "Wagman, Stuart"]
[Result "1/2-1/2"]
[WhiteElo "2525"]
[BlackElo "2170"]
[PlyCount "63"]
[EventDate "1998.08.01"]

1.e4 e5 2.Nf3 Nc6 3.Bc4 Nf6 4.Ng5 d5 5.exd5 Nd4 6.c3 b5 7.Bf1 Nxd5 8.Ne4 
Qh4 9.Ng3 Bg4 10.f3 e4 11.cxd4 Bd6 12.Bxb5+ Kd8 13.O-O exf3 14.Rxf3 Rb8 
15.Bf1 Re8 16.Nc3 Nb4 17.d3 Bxf3 18.Qxf3 Nc2 19.Rb1 Qxd4+ 20.Kh1 Bxg3 21.
Qxg3 Qxc3 22.bxc3 Rxb1 23.Qg5+ f6 24.Qd5+ Kc8 25.Qf5+ Kb8 26.Bd2 Re2 27.h4
Rxd2 28.Kh2 Ne3 29.Qxh7 Rxf1 30.Qg8+ Kb7 31.Qb3+ Ka8 32.Qg8+ 1/2-1/2

[Event "VII Festival Magistrale"]
[Site "Montecatini Terme ITA"]
[Date "1998.08.04"]
[Round "4"]
[White "Tatai, Stefano"]
[Black "Friedrich, Norbert"]
[Result "1-0"]
[WhiteElo "2395"]
[BlackElo "2295"]
[PlyCount "65"]
[EventDate "1998.08.01"]

1.e4 c5 2.Nf3 Nc6 3.Bb5 Nf6 4.Bxc6 dxc6 5.d3 g6 6.O-O Bg7 7.a4 a5 8.Na3 
O-O 9.Bd2 Ne8 10.Bc3 Nc7 11.Nc4 Ne6 12.Qd2 b6 13.Bxg7 Kxg7 14.Nfe5 Nd4 15.
f4 Be6 16.f5 Bxc4 17.Nxc4 Qc7 18.Qf2 b5 19.Ne3 f6 20.axb5 cxb5 21.c3 Nc6 
22.Nd5 Qd6 23.Nf4 Rh8 24.Ne6+ Kf7 25.Nxc5 Ne5 26.d4 Ng4 27.Qh4 Ne3 28.Rf3 
Nc4 29.Rf2 b4 30.Qh6 bxc3 31.bxc3 Rag8 32.Ne6 g5 33.Qh5+ 1-0

[Event "VII Festival Magistrale"]
[Site "Montecatini Terme ITA"]
[Date "1998.08.04"]
[Round "4"]
[White "Weclawski, Dorota"]
[Black "Mantovani, Renzo"]
[Result "0-1"]
[WhiteElo "2045"]
[BlackElo "2380"]
[PlyCount "56"]
[EventDate "1998.08.01"]

1.d4 Nf6 2.Nf3 c5 3.d5 b5 4.c4 bxc4 5.Nc3 d6 6.e4 g6 7.Bxc4 Bg7 8.O-O O-O 
9.Nd2 Ba6 10.f4 Nfd7 11.Qe2 Qc8 12.Rf3 Nb6 13.b3 Bd4+ 14.Kh1 Bxc4 15.Nxc4 
Qa6 16.Rh3 N8d7 17.Rb1 Rfb8 18.Na3 Qxe2 19.Nxe2 Bg7 20.Bd2 a5 21.Nc3 a4 
22.Nab5 axb3 23.axb3 Rb7 24.Rf3 Nc8 25.Rff1 Rab8 26.Rbc1 Rxb5 27.Nxb5 Rxb5
28.b4 Ncb6 0-1

[Event "VII Festival Magistrale"]
[Site "Montecatini Terme ITA"]
[Date "1998.08.05"]
[Round "5"]
[White "Alberton, Roberto"]
[Black "Lebel Arias, Julia"]
[Result "0-1"]
[WhiteElo "2140"]
[BlackElo "2095"]
[PlyCount "45"]
[EventDate "1998.08.01"]

1.Nf3 b6 2.e4 Bb7 3.Nc3 g6 4.d4 Bg7 5.Bc4 e6 6.O-O Ne7 7.Bg5 h6 8.Be3 O-O 
9.Qe2 d6 10.Rad1 a6 11.a4 Nd7 12.Ne1 d5 13.Bd3 c5 14.e5 c4 15.Qd2 cxd3 16.
Bxh6 dxc2 17.Nxc2 Bxh6 18.Qxh6 Nf5 19.Qf4 Kg7 20.Ne3 Nh6 21.Qg3 Rc8 22.h4 
Nf5 23.h5 0-1

[Event "VII Festival Magistrale"]
[Site "Montecatini Terme ITA"]
[Date "1998.08.05"]
[Round "5"]
[White "Barlov, Dragan"]
[Black "Martorelli, Antonio"]
[Result "1-0"]
[WhiteElo "2495"]
[BlackElo "2380"]
[PlyCount "63"]
[EventDate "1998.08.01"]

1.Nf3 c5 2.c4 g6 3.d4 Bg7 4.d5 Nf6 5.Nc3 O-O 6.e4 d6 7.h3 e6 8.Bd3 exd5 9.
exd5 a6 10.a4 Re8+ 11.Be3 Nh5 12.O-O Nd7 13.Qd2 Ne5 14.Nxe5 Rxe5 15.Rfe1 
Bd7 16.Bf1 f5 17.a5 Qf8 18.Ne2 Rae8 19.Nf4 Ng3 20.Nd3 Re4 21.Rac1 h6 22.
fxg3 Rxe3 23.Rxe3 Rxe3 24.Kh2 Bd4 25.b4 Qf6 26.bxc5 Qg5 27.cxd6 Qxg3+ 28.
Kh1 Qg5 29.g3 f4 30.Nxf4 Rxg3 31.Qxd4 Rf3 32.Bg2 1-0

[Event "VII Festival Magistrale"]
[Site "Montecatini Terme ITA"]
[Date "1998.08.05"]
[Round "5"]
[White "Belotti, Bruno"]
[Black "Jansa, Vlastimil"]
[Result "1-0"]
[WhiteElo "2430"]
[BlackElo "2490"]
[PlyCount "73"]
[EventDate "1998.08.01"]

1.e4 c5 2.Nf3 e6 3.d3 Nc6 4.g3 Nge7 5.Bg2 g6 6.O-O Bg7 7.Re1 d6 8.c3 e5 9.
a3 a5 10.a4 O-O 11.Na3 h6 12.Nd2 Be6 13.Ndc4 Nc8 14.Nb5 N6a7 15.Nba3 Nc6 
16.b3 Qd7 17.Ra2 Ra6 18.Rd2 N8e7 19.Nb5 Nc8 20.Bb2 N6a7 21.d4 cxd4 22.cxd4
exd4 23.Bf1 Nxb5 24.axb5 Qxb5 25.Na3 Qb4 26.Bxa6 Bxb3 27.Nc2 Bxc2 28.Qxc2 
bxa6 29.Red1 Nb6 30.Bxd4 Rc8 31.Qd3 Nc4 32.Rc2 Bxd4 33.Qxd4 Rc5 34.Kg2 Na3
35.Rxc5 dxc5 36.Qf6 Qxe4+ 37.Kg1 1-0

[Event "VII Festival Magistrale"]
[Site "Montecatini Terme ITA"]
[Date "1998.08.05"]
[Round "5"]
[White "De Gleria, Francesco"]
[Black "Horvath, Csaba"]
[Result "0-1"]
[WhiteElo "2370"]
[BlackElo "2540"]
[PlyCount "40"]
[EventDate "1998.08.01"]

1.e4 c5 2.Nf3 e6 3.c3 d5 4.exd5 Qxd5 5.d4 Nf6 6.Be3 cxd4 7.cxd4 Nc6 8.Nc3 
Qd6 9.a3 Be7 10.Bd3 O-O 11.O-O b6 12.Qe2 Bb7 13.Rad1 Rad8 14.Rfe1 Qb8 15.
Bg5 Rfe8 16.Bc4 h6 17.Bh4 Nh5 18.Bxe7 Nf4 19.Qe3 Nxe7 20.Ne2 Nxg2 0-1

[Event "VII Festival Magistrale"]
[Site "Montecatini Terme ITA"]
[Date "1998.08.05"]
[Round "5"]
[White "De Vita, Igor"]
[Black "Nannelli, Paolo"]
[Result "1/2-1/2"]
[WhiteElo "2155"]
[BlackElo "2265"]
[PlyCount "28"]
[EventDate "1998.08.01"]

1.e4 e6 2.d3 d5 3.Nd2 c5 4.Ngf3 Nc6 5.g3 Bd6 6.Bg2 Nge7 7.O-O O-O 8.Nh4 b6
9.f4 dxe4 10.Nxe4 Bb7 11.Qh5 f6 12.Bh3 Nd4 13.c3 g6 14.Qd1 Ndf5 1/2-1/2

[Event "VII Festival Magistrale"]
[Site "Montecatini Terme ITA"]
[Date "1998.08.05"]
[Round "5"]
[White "Dekker, Bart"]
[Black "Jurkovic, Ante"]
[Result "1-0"]
[WhiteElo "2195"]
[BlackElo "2315"]
[PlyCount "95"]
[EventDate "1998.08.01"]

1.e4 e6 2.d3 d5 3.Nd2 Nf6 4.Ngf3 b6 5.c3 c5 6.g3 Be7 7.Bg2 Ba6 8.e5 Nfd7 
9.Qe2 Nc6 10.O-O g5 11.g4 h5 12.h3 hxg4 13.hxg4 Nf8 14.c4 Ng6 15.Nb3 dxc4 
16.dxc4 Bb7 17.Rd1 Qc7 18.Nxg5 Bxg5 19.Bxg5 Ncxe5 20.f4 Nd7 21.Rd2 Nh4 22.
Rad1 Nxg2 23.Rxd7 Qxd7 24.Rxd7 Kxd7 25.Qd2+ Kc7 26.Bf6 Rad8 27.Bxd8+ Rxd8 
28.Qe2 Kc8 29.Qe5 Nh4 30.Kf2 Ng6 31.Qf6 Rd7 32.Ke3 Ne7 33.Nd2 Nc6 34.Ne4 
Nb4 35.Ng5 Nc2+ 36.Ke2 Nd4+ 37.Kf1 Nc2 38.Qh8+ Kc7 39.Qe5+ Kc8 40.b3 Rd1+ 
41.Kf2 Rd2+ 42.Kg3 Rg2+ 43.Kh3 Nd4 44.Qh8+ Kc7 45.Qf6 a5 46.Nxf7 Kb8 47.
Qd8+ Ka7 48.Nd6 1-0

[Event "VII Festival Magistrale"]
[Site "Montecatini Terme ITA"]
[Date "1998.08.05"]
[Round "5"]
[White "Dervishi, Erald"]
[Black "Rotstein, Arkadij"]
[Result "1-0"]
[WhiteElo "2430"]
[BlackElo "2515"]
[PlyCount "101"]
[EventDate "1998.08.01"]

1.e4 c5 2.Nf3 e6 3.d4 cxd4 4.Nxd4 a6 5.Bd3 Bc5 6.Nb3 Be7 7.Qg4 g6 8.Nc3 d6
9.f4 Nf6 10.Qf3 Nc6 11.Be3 Qc7 12.O-O O-O 13.Rae1 b5 14.e5 dxe5 15.fxe5 
Nxe5 16.Qxa8 Neg4 17.g3 Nxe3 18.Rxe3 Qb6 19.Qf3 Bb7 20.Qe2 b4 21.Nd1 Nd5 
22.Qf2 Nxe3 23.Nxe3 a5 24.Ng2 Qc7 25.Qe2 Bd5 26.Nd2 Rc8 27.b3 Qc3 28.Kh1 
Rc7 29.Nc4 a4 30.Ne3 Bb7 31.bxa4 Qa3 32.Ng4 Bf8 33.Qe5 Qc3 34.Nf6+ Kh8 35.
Qxc3 Rxc3 36.h4 Ra3 37.Nd7 Kg7 38.Nxf8 Kxf8 39.Rf4 Rxa2 40.Rxb4 Bc6 41.Kg1
Bxa4 42.Rb8+ Ke7 43.Ra8 Bb3 44.Rxa2 Bxa2 45.Kf2 e5 46.g4 h6 47.Ne3 Be6 48.
Kf3 Bc8 49.Ke4 Kf6 50.Bc4 Bd7 51.Bd5 1-0

[Event "VII Festival Magistrale"]
[Site "Montecatini Terme ITA"]
[Date "1998.08.05"]
[Round "5"]
[White "Dorin, Mauricio"]
[Black "Farago, Ivan"]
[Result "1/2-1/2"]
[WhiteElo "2360"]
[BlackElo "2530"]
[PlyCount "20"]
[EventDate "1998.08.01"]

1.e4 e6 2.d4 d5 3.Nc3 Bb4 4.exd5 exd5 5.Bd3 Nc6 6.a3 Bxc3+ 7.bxc3 Qf6 8.
Ne2 Bf5 9.Rb1 b6 10.O-O Nge7 1/2-1/2

[Event "VII Festival Magistrale"]
[Site "Montecatini Terme ITA"]
[Date "1998.08.05"]
[Round "5"]
[White "Efimov, Igor"]
[Black "Kosanski, Stanko"]
[Result "0-1"]
[WhiteElo "2530"]
[BlackElo "2390"]
[PlyCount "104"]
[EventDate "1998.08.01"]

1.Nf3 c5 2.g3 g6 3.Bg2 Bg7 4.O-O Nc6 5.d3 d5 6.Nc3 e6 7.e4 Nge7 8.Bd2 d4 
9.Na4 b6 10.Ne1 Bd7 11.c4 dxc3 12.bxc3 O-O 13.Nb2 b5 14.Rb1 Qa5 15.a4 a6 
16.d4 Rad8 17.c4 b4 18.d5 Nd4 19.Ned3 Qb6 20.Kh1 a5 21.g4 Rc8 22.f4 exd5 
23.exd5 Qd6 24.Ne5 f6 25.Ned3 Rfe8 26.Nf2 f5 27.g5 Rcd8 28.Nfd3 Nc8 29.Rf2
Nb6 30.Ne5 Rc8 31.Be3 Rxe5 32.fxe5 Bxe5 33.Nd3 Nxc4 34.Bc1 Bxh2 35.Nxc5 
Rxc5 36.Qxd4 Be5 37.Qd1 f4 38.Qe2 Bxa4 39.Bxf4 Bxf4 40.Rbf1 Ne3 41.Rxf4 
Nxf1 42.Qxf1 Bb5 43.Qg1 Rc2 44.Qe3 Re2 45.Qd4 Re1+ 46.Kh2 b3 47.Kg3 Qe5 
48.d6 Qxd4 49.Rxd4 b2 50.Bd5+ Kf8 51.Ba2 Ra1 52.Rd5 Bd7 0-1

[Event "VII Festival Magistrale"]
[Site "Montecatini Terme ITA"]
[Date "1998.08.05"]
[Round "5"]
[White "Ellers, Holger"]
[Black "Corvi, Marco"]
[Result "0-1"]
[WhiteElo "2425"]
[BlackElo "2305"]
[PlyCount "48"]
[EventDate "1998.08.01"]

1.d4 f5 2.g3 Nf6 3.Bg2 g6 4.Nh3 Bg7 5.c4 d6 6.Nc3 c6 7.d5 O-O 8.Nf4 e5 9.
dxe6 Qe7 10.O-O Na6 11.Re1 Nc5 12.h4 Nxe6 13.e4 fxe4 14.Nxe4 Nxe4 15.Rxe4 
Qf7 16.Qxd6 Rd8 17.Qa3 Rd1+ 18.Kh2 Nxf4 19.Qf3 Nxg2 20.Qxd1 Bf5 21.Rd4 
Bxd4 22.Qxd4 Ne1 23.Qc3 Nc2 24.b3 Qg7 0-1

[Event "VII Festival Magistrale"]
[Site "Montecatini Terme ITA"]
[Date "1998.08.05"]
[Round "5"]
[White "Godena, Michele"]
[Black "Arnold, Johannes"]
[Result "1-0"]
[WhiteElo "2510"]
[BlackElo "2325"]
[PlyCount "87"]
[EventDate "1998.08.01"]

1.e4 c5 2.Nf3 Nc6 3.c3 Nf6 4.e5 Nd5 5.d4 cxd4 6.cxd4 d6 7.Bc4 dxe5 8.dxe5 
Ndb4 9.Qb3 e6 10.O-O Bd7 11.Bg5 Qc7 12.Qc3 h6 13.Bh4 Rc8 14.a3 Na6 15.Bxa6
bxa6 16.Rc1 Qa5 17.Qe3 Qb6 18.Qd2 Be7 19.Rd1 Rd8 20.Bxe7 Nxe7 21.Nc3 O-O 
22.Qd6 Nf5 23.Qxb6 axb6 24.Nd4 Nxd4 25.Rxd4 Bc6 26.Rad1 Rxd4 27.Rxd4 a5 
28.f4 Rc8 29.Rc4 Bb7 30.Rxc8+ Bxc8 31.Na4 b5 32.Nc3 Bd7 33.Kf2 g5 34.fxg5 
hxg5 35.Ne4 Kg7 36.Nxg5 Kg6 37.h4 b4 38.axb4 axb4 39.g4 f6 40.Nf3 Ba4 41.
h5+ Kg7 42.exf6+ Kxf6 43.g5+ Kf7 44.h6 1-0

[Event "VII Festival Magistrale"]
[Site "Montecatini Terme ITA"]
[Date "1998.08.05"]
[Round "5"]
[White "Greenfeld, Alon"]
[Black "Tatai, Stefano"]
[Result "1/2-1/2"]
[WhiteElo "2535"]
[BlackElo "2395"]
[PlyCount "114"]
[EventDate "1998.08.01"]

1.d4 Nf6 2.c4 c6 3.Nc3 d5 4.Nf3 a6 5.a4 g6 6.Bf4 Bg7 7.e3 O-O 8.Be2 Nh5 9.
Be5 dxc4 10.Nd2 Nd7 11.Nxc4 Bxe5 12.dxe5 Ng7 13.a5 Qc7 14.f4 Rd8 15.Qb3 
Rb8 16.Na4 Nf8 17.O-O Be6 18.Nc5 Rd5 19.Qa3 f5 20.Nb6 Rdd8 21.Rfd1 Bf7 22.
Bxa6 bxa6 23.Nxa6 Qa7 24.Nxb8 Rxb8 25.Qc3 Be8 26.b4 Nge6 27.Rd2 Nc7 28.
Rad1 Nce6 29.Qc4 Kg7 30.h3 c5 31.bxc5 Qxa5 32.Nd5 Qxc5 33.Qxc5 Nxc5 34.
Nxe7 Nfe6 35.Nd5 Ne4 36.Ra2 Rb7 37.Ra6 Bf7 38.Rb6 Ra7 39.Rdb1 N6c5 40.Nf6 
Nc3 41.Rf1 N5e4 42.Nxe4 Nxe4 43.Rd1 Re7 44.Rc6 h5 45.h4 Bb3 46.Rdc1 Bd5 
47.Rc7 Rxc7 48.Rxc7+ Kf8 49.Kf1 Be6 50.Ke2 Bd5 51.Kd3 Bf7 52.Kc2 Ke8 53.
Kb2 Nf2 54.Kc3 Ne4+ 55.Kb4 Ng3 56.Kc5 Ne4+ 57.Kc6 Ng3 1/2-1/2

[Event "VII Festival Magistrale"]
[Site "Montecatini Terme ITA"]
[Date "1998.08.05"]
[Round "5"]
[White "Khmelnitsky, Sergei"]
[Black "Ovsejevitsch, Sergei"]
[Result "1/2-1/2"]
[WhiteElo "2395"]
[BlackElo "2500"]
[PlyCount "64"]
[EventDate "1998.08.01"]

1.e4 c5 2.Nf3 d6 3.d4 cxd4 4.Nxd4 Nf6 5.Nc3 g6 6.Be3 Bg7 7.f3 O-O 8.Qd2 
Nc6 9.O-O-O d5 10.exd5 Nxd5 11.Nxc6 bxc6 12.Bd4 e5 13.Bc5 Be6 14.Ne4 Re8 
15.h4 Nf4 16.Qe1 Qc7 17.g3 Nh5 18.g4 Nf4 19.h5 Rad8 20.Rxd8 Qxd8 21.hxg6 
fxg6 22.b3 Bd5 23.Bxa7 Ne6 24.Be3 Nd4 25.Bxd4 exd4 26.Qh4 Qxh4 27.Rxh4 
Bxe4 28.fxe4 Bf6 29.Rh1 Rxe4 30.Bg2 Rxg4 31.Bxc6 Be7 32.Kb2 Rf4 1/2-1/2

[Event "VII Festival Magistrale"]
[Site "Montecatini Terme ITA"]
[Date "1998.08.05"]
[Round "5"]
[White "Lanzani, Mario"]
[Black "Kleibaumhueter, Klaus"]
[Result "1-0"]
[WhiteElo "2395"]
[BlackElo "2185"]
[PlyCount "57"]
[EventDate "1998.08.01"]

1.e4 e6 2.d4 d5 3.Nc3 Nf6 4.Bg5 dxe4 5.Nxe4 Be7 6.Bxf6 gxf6 7.Be2 f5 8.Ng3
c5 9.dxc5 Qxd1+ 10.Rxd1 Nc6 11.c3 a5 12.Nf3 Bxc5 13.O-O O-O 14.Nh5 Be7 15.
Bb5 Na7 16.Be2 Nc6 17.Nd2 e5 18.f4 Be6 19.fxe5 Nxe5 20.h3 Rfd8 21.b3 Nd3 
22.Nf3 Bc5+ 23.Nd4 Nb4 24.Kh1 Bxd4 25.cxd4 Nxa2 26.d5 Nc3 27.dxe6 Nxe2 28.
Rxd8+ Rxd8 29.e7 1-0

[Event "VII Festival Magistrale"]
[Site "Montecatini Terme ITA"]
[Date "1998.08.05"]
[Round "5"]
[White "Loncar, Robert"]
[Black "Gorelli Fagiolini, Marco"]
[Result "1-0"]
[WhiteElo "2410"]
[BlackElo "2235"]
[PlyCount "73"]
[EventDate "1998.08.01"]

1.d4 Nf6 2.Nf3 g6 3.c4 Bg7 4.Nc3 d5 5.Bg5 Ne4 6.Bh4 Nxc3 7.bxc3 c5 8.e3 
Nc6 9.cxd5 Qxd5 10.Be2 cxd4 11.cxd4 O-O 12.O-O e5 13.dxe5 Qa5 14.Bf6 Bxf6 
15.exf6 Qf5 16.Qa4 Qxf6 17.Rab1 Qe7 18.Qf4 Be6 19.a4 Rfd8 20.Rb5 b6 21.Ng5
Kg7 22.Bf3 Rac8 23.h4 Qd6 24.Nxe6+ fxe6 25.Qe4 Na5 26.Rd1 Qe7 27.Qe5+ Qf6 
28.Rxd8 Qxe5 29.Rd7+ Kf6 30.Rxe5 Kxe5 31.Rxh7 Rc4 32.g4 Rxa4 33.Rxa7 b5 
34.Kg2 b4 35.h5 gxh5 36.gxh5 b3 37.h6 1-0

[Event "VII Festival Magistrale"]
[Site "Montecatini Terme ITA"]
[Date "1998.08.05"]
[Round "5"]
[White "Mantovani, Renzo"]
[Black "Marchini, Massimo"]
[Result "1-0"]
[WhiteElo "2380"]
[BlackElo "2195"]
[PlyCount "51"]
[EventDate "1998.08.01"]

1.e4 c5 2.Nf3 Nc6 3.Nc3 e6 4.g3 d6 5.Bg2 a6 6.O-O Nf6 7.d4 cxd4 8.Nxd4 Bd7
9.Re1 Rc8 10.Nxc6 Bxc6 11.Nd5 e5 12.Bh3 Rb8 13.c4 Be7 14.Be3 b6 15.Rc1 
Nxe4 16.Qg4 Ng5 17.Bxg5 Bxg5 18.f4 Bxd5 19.cxd5 Bf6 20.fxe5 dxe5 21.d6 O-O
22.d7 b5 23.Rc6 Rb6 24.Rc8 Qe7 25.Rec1 g6 26.d8=Q 1-0

[Event "VII Festival Magistrale"]
[Site "Montecatini Terme ITA"]
[Date "1998.08.05"]
[Round "5"]
[White "Maric, Alisa"]
[Black "De Bortoli, Peter"]
[Result "1-0"]
[WhiteElo "2480"]
[BlackElo "2215"]
[PlyCount "45"]
[EventDate "1998.08.01"]

1.d4 Nf6 2.Nf3 e6 3.c4 b6 4.g3 Bb7 5.Bg2 c5 6.d5 exd5 7.Nh4 g6 8.Nc3 Bg7 
9.O-O O-O 10.cxd5 Re8 11.Rb1 d6 12.b3 Na6 13.Re1 Ng4 14.Bb2 Nc7 15.e4 h5 
16.Qd2 Bd4 17.Nd1 Nb5 18.h3 Bxb2 19.Nxb2 Nf6 20.Nc4 Nxd5 21.Qf4 Ba6 22.
Nxd6 Rf8 23.e5 1-0

[Event "VII Festival Magistrale"]
[Site "Montecatini Terme ITA"]
[Date "1998.08.05"]
[Round "5"]
[White "Martinez Martin, David"]
[Black "Koroveshi, Thoma"]
[Result "1-0"]
[WhiteElo "2285"]
[BlackElo "1993"]
[PlyCount "51"]
[EventDate "1998.08.01"]

1.d4 Nf6 2.c4 e6 3.Nc3 Bb4 4.e3 O-O 5.Bd3 c5 6.Nf3 b6 7.O-O Bxc3 8.bxc3 
Nc6 9.e4 Ne8 10.e5 f5 11.d5 Na5 12.Bg5 Qc7 13.Be7 Rf7 14.d6 Qc6 15.Ng5 Bb7
16.f3 Rxe7 17.dxe7 h6 18.Nh3 g5 19.Nf2 Ng7 20.Qd2 Nh5 21.h4 Nf4 22.hxg5 
hxg5 23.Nh3 Nxh3+ 24.gxh3 Kh7 25.Qxg5 Rg8 26.Qxg8+ 1-0

[Event "VII Festival Magistrale"]
[Site "Montecatini Terme ITA"]
[Date "1998.08.05"]
[Round "5"]
[White "Mollero, Michele"]
[Black "De Waal, Ton"]
[Result "1/2-1/2"]
[WhiteElo "2160"]
[BlackElo "2275"]
[PlyCount "59"]
[EventDate "1998.08.01"]

1.e4 c5 2.Nf3 e6 3.d4 cxd4 4.Nxd4 a6 5.c4 Nf6 6.Nc3 Bb4 7.Bd3 Nc6 8.Nb3 d5
9.exd5 exd5 10.O-O dxc4 11.Bxc4 Qxd1 12.Rxd1 O-O 13.Nd5 Nxd5 14.Bxd5 Bf5 
15.Be3 Rfe8 16.Nd4 Nxd4 17.Rxd4 Be7 18.Bxb7 Rab8 19.Bxa6 Bf6 20.Rf4 Bxb2 
21.Rf1 Be6 22.Bc4 Ra8 23.Bxe6 Rxe6 24.a4 Rea6 25.Rd1 h6 26.g3 Bf6 27.Rc4 
Rxa4 28.Rxa4 Rxa4 29.Rd7 h5 30.Kg2 1/2-1/2

[Event "VII Festival Magistrale"]
[Site "Montecatini Terme ITA"]
[Date "1998.08.05"]
[Round "5"]
[White "Sarno, Spartaco"]
[Black "Niederstaetter, Harald"]
[Result "1/2-1/2"]
[WhiteElo "2365"]
[BlackElo "2100"]
[PlyCount "65"]
[EventDate "1998.08.01"]

1.d4 g6 2.c4 Nf6 3.Nc3 d5 4.Nf3 Bg7 5.Qb3 dxc4 6.Qxc4 a6 7.e4 b5 8.Qb3 Bb7
9.e5 Ne4 10.Be3 e6 11.a4 Nxc3 12.Qxc3 bxa4 13.Be2 h6 14.O-O Nd7 15.Rfc1 c5
16.dxc5 Rc8 17.Bd4 Bc6 18.Bxa6 Rb8 19.Nd2 Qg5 20.Bf1 Bxe5 21.Bxe5 Qxe5 22.
Nc4 Qxc3 23.Rxc3 O-O 24.Na5 Rfc8 25.Rd1 Bd5 26.c6 Ne5 27.f4 Ra8 28.Rc5 
Nxc6 29.Nxc6 Bxc6 30.Rdc1 Bd7 31.Rxc8+ Bxc8 32.Bb5 Bb7 33.Ra1 1/2-1/2

[Event "VII Festival Magistrale"]
[Site "Montecatini Terme ITA"]
[Date "1998.08.05"]
[Round "5"]
[White "Sebastianelli, Dario"]
[Black "Temi, Walter"]
[Result "0-1"]
[WhiteElo "2180"]
[BlackElo "2105"]
[PlyCount "45"]
[EventDate "1998.08.01"]

1.e4 b6 2.Nf3 Bb7 3.Nc3 e6 4.d4 Bb4 5.Bd3 Nf6 6.Bg5 h6 7.Bxf6 gxf6 8.O-O 
Nc6 9.Qe2 Bxc3 10.bxc3 d5 11.e5 f5 12.a4 Na5 13.Nd2 Rg8 14.Nb3 Nc4 15.a5 
a6 16.Rfb1 Qg5 17.Qf3 O-O-O 18.g3 h5 19.Qg2 h4 20.f4 Qh6 21.axb6 hxg3 22.
hxg3 Ne3 23.Kf2 0-1

[Event "VII Festival Magistrale"]
[Site "Montecatini Terme ITA"]
[Date "1998.08.05"]
[Round "5"]
[White "Simons, Rudy"]
[Black "Held, Markus"]
[Result "1-0"]
[WhiteElo "2105"]
[BlackElo "2245"]
[PlyCount "61"]
[EventDate "1998.08.01"]

1.e4 e5 2.Nf3 Nc6 3.Bb5 a6 4.Ba4 Nf6 5.O-O Be7 6.Re1 b5 7.Bb3 d6 8.c3 O-O 
9.h3 Na5 10.Bc2 c5 11.d4 Qc7 12.Nbd2 cxd4 13.cxd4 Bb7 14.Nf1 Rac8 15.Re2 
d5 16.exd5 e4 17.Ng5 Bxd5 18.Nxe4 Rfd8 19.Nfg3 Nc6 20.Nxf6+ Bxf6 21.Be3 
Bxa2 22.Rxa2 Nb4 23.Bb3 Nxa2 24.Bxa2 Qa5 25.Qb3 Rc4 26.Ne4 Be7 27.Nd2 Rc7 
28.Qxf7+ Kh8 29.Bf4 Rf8 30.Rxe7 Rxf7 31.Re8+ 1-0

[Event "VII Festival Magistrale"]
[Site "Montecatini Terme ITA"]
[Date "1998.08.05"]
[Round "5"]
[White "Stevic, Hrvoje"]
[Black "De Kleuver, Esther"]
[Result "1-0"]
[WhiteElo "2465"]
[BlackElo "2220"]
[PlyCount "75"]
[EventDate "1998.08.01"]

1.e4 c5 2.Nf3 e6 3.c3 d5 4.exd5 exd5 5.d4 Nc6 6.Bb5 Bd6 7.Be3 cxd4 8.Bxd4 
Nf6 9.O-O O-O 10.Bxf6 Qxf6 11.Qxd5 Bf5 12.Bxc6 bxc6 13.Qd4 Qh6 14.Qh4 Qxh4
15.Nxh4 Bg4 16.h3 Be2 17.Re1 Rfe8 18.Nf5 Bf8 19.Nd2 c5 20.Ne3 Ba6 21.Ndc4 
f5 22.Na5 Rab8 23.b3 g6 24.Nd5 Bg7 25.Nc6 Rxe1+ 26.Rxe1 Rb7 27.Nd8 Rb8 28.
Re8+ Bf8 29.Nf6+ Kg7 30.Rxf8 Kxf8 31.Nd7+ Ke7 32.Nxb8 Bb5 33.Ndc6+ Kd6 34.
Nxa7 Be8 35.Na6 h6 36.c4 g5 37.Nb5+ Kc6 38.Nac7 1-0

[Event "VII Festival Magistrale"]
[Site "Montecatini Terme ITA"]
[Date "1998.08.05"]
[Round "5"]
[White "Sulava, Nenad"]
[Black "Franco Ocampos, Zenon"]
[Result "1/2-1/2"]
[WhiteElo "2380"]
[BlackElo "2485"]
[PlyCount "107"]
[EventDate "1998.08.01"]

1.d4 Nf6 2.c4 e6 3.g3 c5 4.Nf3 cxd4 5.Nxd4 a6 6.Bg2 Qc7 7.b3 Bb4+ 8.Bd2 
Be7 9.Nc3 Nc6 10.e3 O-O 11.O-O Rd8 12.Rc1 d5 13.cxd5 exd5 14.Na4 Ba3 15.
Rc2 Qd6 16.Nxc6 bxc6 17.Ba5 Re8 18.Nb6 Rb8 19.Nxc8 Rexc8 20.Qd3 Rb5 21.Bc3
Rd8 22.Rd1 a5 23.Qd2 Bb4 24.Rdc1 Rb6 25.Qd4 Qc7 26.Qf4 Qxf4 27.gxf4 c5 28.
Bxb4 cxb4 29.Rc8 Rd6 30.Rxd8+ Rxd8 31.Rc5 Kf8 32.Kf1 d4 33.Ke2 d3+ 34.Kd2 
Ng4 35.Rxa5 Nxf2 36.Ra8 Rxa8 37.Bxa8 h6 38.e4 g5 39.fxg5 hxg5 40.Ke3 Ng4+ 
41.Kxd3 Nxh2 42.e5 Ke7 43.Kc4 Ng4 44.Kxb4 Nxe5 45.a4 Kd6 46.a5 Kc7 47.Kc5 
g4 48.b4 f5 49.b5 Nd7+ 50.Kd4 f4 51.Be4 f3 52.Ke3 Ne5 53.b6+ Kd6 54.Kf2 
1/2-1/2

[Event "VII Festival Magistrale"]
[Site "Montecatini Terme ITA"]
[Date "1998.08.05"]
[Round "5"]
[White "Tratar, Marko"]
[Black "Palac, Mladen"]
[Result "1/2-1/2"]
[WhiteElo "2450"]
[BlackElo "2560"]
[PlyCount "48"]
[EventDate "1998.08.01"]

1.d4 d5 2.Nf3 Nf6 3.c4 dxc4 4.e3 Bg4 5.Bxc4 e6 6.h3 Bh5 7.Nc3 Nbd7 8.O-O 
Bb4 9.Be2 O-O 10.Qb3 c5 11.a3 Bxc3 12.bxc3 Qb6 13.Qxb6 Nxb6 14.g4 Bg6 15.
Ne5 Na4 16.Nxg6 hxg6 17.Bf3 Nxc3 18.dxc5 Nfe4 19.Bb2 Rac8 20.a4 Rfd8 21.
Bxc3 Nxc3 22.Bxb7 Rxc5 23.a5 a6 24.Bxa6 Ra8 1/2-1/2